| 000 | 01235nam0a22002771 4500 | ||
|---|---|---|---|
| 001 | rc\3500973 | ||
| 005 | 20130115141841.3 | ||
| 021 |
_aRU _b[73-62563] |
||
| 035 | _a(NLR Aleph) 007653024 | ||
| 090 |
_a6249567 _c6249567 |
||
| 100 | _a20130115d1972 |||y0rusy50 ca | ||
| 101 | 0 | _arus | |
| 102 | _aRU | ||
| 105 | _ay z ||||| | ||
| 200 | 1 |
_aЭкономика промышленности СССР _eУчеб. пособие _fМ-во высш. и сред. спец. образования УССР. Киев. ин-т нар. хоз-ва им. Д.С. Коротченко. Курсы повышения квалификации руководящих и инж.-техн. работников |
|
| 210 |
_aКиев _cБ. и. _d1972 |
||
| 215 |
_a232 с. _d21 |
||
| 532 | 1 | 2 | _aЭкономика промышленности Союза Советских Социалистических Республик |
| 606 |
_aПромышленность СССР _2psbo |
||
| 700 | 1 |
_aБелорус _bО. Г. _gОлег Григорьевич |
|
| 701 | 1 |
_aПокропивный _bС. Ф. _gСергей Федорович |
|
| 801 | 0 |
_aRU _bNLR _gpsbo |
|
| 801 | 1 |
_aRU _bELAR _2rusmarc |
|
| 852 |
_aNLR _j73-3/5590 |
||
| 942 | _cBOOK | ||
| 980 | _aNB | ||